MARC details
| 000 -LEADER |
| campo de control de longitud fija |
01474nam a2200301 i 4500 |
| 001 - NÚMERO DE CONTROL |
| campo de control |
124314 |
| 003 - IDENTIFICADOR DE NÚMERO DE CONTROL |
| campo de control |
ES-MaACL |
| 005 - FECHA Y HORA DE LA ÚLTIMA TRANSACCIÓN |
| campo de control |
20250808062728.0 |
| 007 - CAMPO FIJO DE DESCRIPCIÓN FÍSICA--INFORMACIÓN GENERAL |
| campo de control de longitud fija |
t| |
| 008 - DATOS DE LONGITUD FIJA--INFORMACIÓN GENERAL |
| campo de control de longitud fija |
070529s2007 sp |||| |aspa d |
| 020 ## - NÚMERO INTERNACIONAL ESTÁNDAR DEL LIBRO |
| Número Internacional Estándar del Libro |
978-84-7914-862-1 |
| 080 ## - NÚMERO DE LA CLASIFICACIÓN DECIMAL UNIVERSAL |
| Número de la Clasificación Decimal Universal |
081 Menéndez y Pelayo, Marcelino |
| 100 1# - ENTRADA PRINCIPAL--NOMBRE DE PERSONA |
| Nombre de persona |
Menéndez y Pelayo, Marcelino, |
| Fechas asociadas al nombre |
1856-1912 |
| Término indicativo de función/relación |
Autor |
| 9 (RLIN) |
80332 |
| 245 10 - MENCIÓN DEL TÍTULO |
| Título |
Antología general de Menéndez Pelayo |
| Resto del título |
: recopilación orgánica de su doctrina / |
| Mención de responsabilidad, etc. |
José María Sánchez de Muniain ; prólogo de Ángel Herrera Oria. |
| 250 ## - MENCION DE EDICION |
| Mención de edición |
2ª ed. conmemorativa del 150 aniversario del nacimiento de Marcelino Menéndez Pelayo. |
| 260 ## - PUBLICACIÓN, DISTRIBUCIÓN, ETC. |
| Lugar de publicación, distribución, etc. |
Madrid : |
| Nombre del editor, distribuidor, etc. |
Biblioteca de Autores Cristianos, |
| Fecha de publicación, distribución, etc. |
2007. |
| 300 ## - DESCRIPCIÓN FÍSICA |
| Extensión |
2 v. ; |
| Dimensiones |
20 cm. |
| 490 1# - MENCIÓN DE SERIE |
| Mención de serie |
Biblioteca de autores cristianos ; |
| Designación de volumen o secuencia |
155-156 |
| 500 ## - NOTA GENERAL |
| Nota general |
Índices. |
| 505 8# - NOTA DE CONTENIDO CON FORMATO |
| Nota de contenido con formato |
1. Autobiografía y autorretrato. Juicios doctrinales. Juicios de historia de la filosofía. Historia general y cultural de España. Apéndices - 2. Historia de las ideas estéticas. Historia de la literatura española. Notas de historia de la literatura universal. Selección poética. Índices |
| 600 17 - PUNTO DE ACCESO ADICIONAL DE MATERIA--NOMBRE DE PERSONA |
| Nombre de persona |
Menéndez y Pelayo, Marcelino, |
| Fechas asociadas al nombre |
1856-1912 |
| Fuente del encabezamiento o término |
embne |
| 9 (RLIN) |
80332 |
| 700 1# - ENTRADA AGREGADA--NOMBRE PERSONAL |
| Nombre de persona |
Sánchez de Muniain y Gil, José María. |
| 9 (RLIN) |
102590 |
| Término indicativo de función/relación |
Editor literario |
| 700 1# - ENTRADA AGREGADA--NOMBRE PERSONAL |
| Nombre de persona |
Herrera Oria, Ángel, |
| Fechas asociadas al nombre |
1886-1968 |
| 9 (RLIN) |
63232 |
| Término indicativo de función/relación |
Autor de introducción |
| 830 10 - PUNTO DE ACCESO ADICIONAL DE SERIE-TÍTULO UNIFORME |
| Título uniforme |
Biblioteca de autores cristianos |
| Designación de volumen o secuencia |
155-156 |
| 9 (RLIN) |
178679 |
| 852 ## - LOCALIZACIÓN |
| Ubicación |
ES-MaACL |
| Número de control de estantería |
J-153-54 |
| 942 ## - ELEMENTOS DE ENTRADA SECUNDARIOS (KOHA) |
| Fuente del sistema de clasificación o colocación |
Clasificación decimal universal |